Sexto censo de población abril de 1950
Da a conocer algunos aspectos del censo de población levantado en Guatemala en 1950 - Contien información relacionada con los siguientes aspectos: numero de habitantes por sexo, y numero de familias de la republica, población según grupos de edad, población según grupo étnico, por departamentos y mu...
Сохранить в:
| Соавтор: | |
|---|---|
| Формат: | Текст |
| Опубликовано: |
Guatemala:
DGE
|
| Метки: |
Добавить метку
Нет меток, Требуется 1-ая метка записи!
|
MARC
| LEADER | 00000 a a2200000 04500 | ||
|---|---|---|---|
| 001 | 20483 | ||
| 003 | |||
| 040 | |a CRAI/IIS |c CRAI/IIS | ||
| 090 | |a 085900 | ||
| 110 | |a Guatemala. Ministerio de Economía. Dirección General de Estadística | ||
| 245 | |a Sexto censo de población abril de 1950 | ||
| 260 | |a Guatemala: |b DGE | ||
| 300 | |a 244 p. | ||
| 520 | |a Da a conocer algunos aspectos del censo de población levantado en Guatemala en 1950 - Contien información relacionada con los siguientes aspectos: numero de habitantes por sexo, y numero de familias de la republica, población según grupos de edad, población según grupo étnico, por departamentos y municipios, alfabetismo, educación, población que usa o no zapatos o "caites", y numero de habitantes de las cabeceras municipales de la Republica | ||
| 999 | |c 16292 |d 16292 | ||
